<?xml version='1.0' encoding='UTF-8'?>
  <record xmlns="http://www.loc.gov/MARC21/slim">
    <leader>00000nam a2200000Mi 4500</leader>
    <controlfield tag="001">ocn974162535</controlfield>
    <controlfield tag="003">OCoLC</controlfield>
    <controlfield tag="005">20240719005829.7</controlfield>
    <controlfield tag="008">991018m18341835ne            000 0 lat d</controlfield>
    <datafield tag="040" ind1=" " ind2=" ">
      <subfield code="a">QGJ</subfield>
      <subfield code="b">dut</subfield>
      <subfield code="c">QGJ</subfield>
      <subfield code="d">OCLCO</subfield>
      <subfield code="d">OCLCL</subfield>
      <subfield code="d">OCLCQ</subfield>
    </datafield>
    <datafield tag="035" ind1=" " ind2=" ">
      <subfield code="a">(OCoLC)974162535</subfield>
    </datafield>
    <datafield tag="245" ind1="0" ind2="0">
      <subfield code="a">Bibliothecae Rheno-Trajectinae catalogus.</subfield>
    </datafield>
    <datafield tag="250" ind1=" " ind2=" ">
      <subfield code="a">[Herdr.].</subfield>
    </datafield>
    <datafield tag="264" ind1=" " ind2="1">
      <subfield code="a">Trajecti ad Rhenum :</subfield>
      <subfield code="b">Altheer,</subfield>
      <subfield code="c">1834-1835.</subfield>
    </datafield>
    <datafield tag="300" ind1=" " ind2=" ">
      <subfield code="a">2 dl. (XII, 1084 p.) ;</subfield>
      <subfield code="c">33 cm</subfield>
    </datafield>
    <datafield tag="336" ind1=" " ind2=" ">
      <subfield code="a">tekst</subfield>
      <subfield code="b">txt</subfield>
      <subfield code="2">rdacontent/dut</subfield>
    </datafield>
    <datafield tag="337" ind1=" " ind2=" ">
      <subfield code="a">zonder medium</subfield>
      <subfield code="b">n</subfield>
      <subfield code="2">rdamedia/dut</subfield>
    </datafield>
    <datafield tag="338" ind1=" " ind2=" ">
      <subfield code="a">band</subfield>
      <subfield code="b">nc</subfield>
      <subfield code="2">rdacarrier/dut</subfield>
    </datafield>
    <datafield tag="500" ind1=" " ind2=" ">
      <subfield code="a">Samengesteld door J. Ackersdyck en J.J. Dodt van Flensburg; voorw. door P.W. van Heusde.</subfield>
    </datafield>
    <datafield tag="500" ind1=" " ind2=" ">
      <subfield code="a">Vorige catalogus o.d.t.: Auctarium catalogi Trajectino-Batavae. Volgende catalogus o.d.t.: Supplementum catalogi librorum qui in Bibliotheca Universitatis Rheno Trajectinae exstant ... . - 1845.</subfield>
    </datafield>
    <datafield tag="505" ind1="0" ind2=" ">
      <subfield code="a">I. A-K. -- 1835. II. L-Z. -- 1834.</subfield>
    </datafield>
    <datafield tag="562" ind1=" " ind2=" ">
      <subfield code="a">ex. ODZ 2242 hierbij ingebonden: Volgende catalogus o.d.t.: Supplementum catalogi librorum qui in Bibliotheca Universitatis Rheno Trajectinae exstant ... . - 1845.</subfield>
      <subfield code="5">NL-UtRU</subfield>
    </datafield>
    <datafield tag="562" ind1=" " ind2=" ">
      <subfield code="a">ex. ODZ 5085: 2 dl. in 1 bd. 1 titelpagina van 1835.</subfield>
      <subfield code="5">NL-UtRU</subfield>
    </datafield>
    <datafield tag="650" ind1=" " ind2="7">
      <subfield code="a">Universiteit Utrecht.</subfield>
      <subfield code="0">(NL-LeOCL)096066490.</subfield>
      <subfield code="2">gtt</subfield>
    </datafield>
    <datafield tag="655" ind1=" " ind2="7">
      <subfield code="a">Bibliotheekcatalogi (vorm)</subfield>
      <subfield code="0">(NL-LeOCL)088141756.</subfield>
      <subfield code="2">gtt</subfield>
    </datafield>
    <datafield tag="700" ind1="1" ind2=" ">
      <subfield code="a">Ackersdijck, Jan,</subfield>
      <subfield code="d">1790-1861.</subfield>
    </datafield>
    <datafield tag="700" ind1="1" ind2=" ">
      <subfield code="a">Dodt van Flensburg, Johannes Jacobus,</subfield>
      <subfield code="d">1795-1847.</subfield>
    </datafield>
    <datafield tag="700" ind1="1" ind2=" ">
      <subfield code="a">Heusde, Philip Willem van,</subfield>
      <subfield code="d">1778-1839.</subfield>
      <subfield code="1">https://id.oclc.org/worldcat/entity/E39PBJgH8HHWCwG7yBrcCfvCQq</subfield>
    </datafield>
    <datafield tag="710" ind1="2" ind2=" ">
      <subfield code="a">Universiteit (Utrecht).</subfield>
      <subfield code="b">Bibliotheek.</subfield>
      <subfield code="4">orm</subfield>
    </datafield>
  </record>